[Event "1. OEsterreichische Internet Schach Meisterschaft - Vorrunde 1"]
[Site "Online - Playchess.com"]
[Date ""]
[Round "2"]
[Board "56"]
[White "Tischler, Michel"]
[Black "Kranz, Armin"]
[Result "0-1"]
[WhiteElo "1517"]
[BlackElo "2119"]
[PlyCount "58"]
[EventDate "2020.04.11"]
[EventRounds "9"]
[EventCountry "AUT"]

1. e4 e5 2. f4 Bc5 3. Nf3 d6 4. Bc4 Nf6 5. d3 Nc6 6. Nc3 a6 7. h3 O-O 8. fxe5
dxe5 9. Bg5 h6 10. Bh4 b5 11. Bb3 Qd6 12. Qd2 Nh5 13. Nd5 Be6 14. O-O-O a5 15.
a3 a4 16. Ba2 b4 17. axb4 Nxb4 18. Bc4 a3 19. b3 c6 20. Be7 cxd5 21. Bxd6 Bxd6
22. exd5 Bxd5 23. Bxd5 Nxd5 24. Rdf1 Bb4 25. c3 Bxc3 26. Qa2 Nb4 27. Qb1 a2 28.
Qxa2 Rxa2 29. g4 Ra1#  0-1

[Event "1. OEsterreichische Internet Schach Meisterschaft - Vorrunde 1"]
[Site "Online - Playchess.com"]
[Date ""]
[Round "2"]
[Board "57"]
[White "Schloffer, Jasmin-Denise"]
[Black "Katter, Katharina"]
[Result "1-0"]
[WhiteElo "2110"]
[BlackElo "1930"]
[PlyCount "191"]
[EventDate "2020.04.11"]
[EventRounds "9"]
[EventCountry "AUT"]

1. d4 Nf6 2. c4 g6 3. Nc3 Bg7 4. e4 d6 5. Be2 O-O 6. Be3 e5 7. d5 Ne8 8. g4 f5
9. gxf5 gxf5 10. f3 fxe4 11. Nxe4 Bf5 12. Qc2 Qh4+ 13. Bf2 Bxe4 14. Qxe4 Qxe4
15. fxe4 Nf6 16. Bf3 Nbd7 17. Ke2 h5 18. Nh3 Ng4 19. Bxg4 hxg4 20. Ng5 Rf4 21.
Be3 Rf6 22. Ne6 c6 23. Nxg7 Kxg7 24. Rhg1 Rg6 25. Rg2 Rg8 26. Rag1 Kf7 27. Kd3
Nf6 28. b4 Nh5 29. Rf1+ Ke7 30. Rgf2 Rf6 31. Rxf6 Nxf6 32. Bxa7 g3 33. hxg3
Rxg3+ 34. Kc2 Ra3 35. Bf2 Rxa2+ 36. Kb3 Re2 37. Bh4 Rxe4 38. Bxf6+ Kd7 39. Bg5
Rd4 40. Rf7+ Kc8 41. Be7 cxd5 42. cxd5 Rxd5 43. Rf6 Kd7 44. Bf8 e4 45. Rf4 Re5
46. Bg7 Re6 47. Bd4 e3 48. Rf1 Kc6 49. Re1 e2 50. Kc3 Kd5 51. Bf2 Re4 52. b5
Ke6 53. b6 d5 54. Kd2 Kd6 55. Rxe2 Rb4 56. Kc3 Rb1 57. Rb2 Rf1 58. Kb4 Rd1 59.
Kc3 Rf1 60. Rd2 Rc1+ 61. Kb2 Rf1 62. Bd4 Rf3 63. Kc2 Ra3 64. Rd3 Ra2+ 65. Kb3
Rg2 66. Kb4 Rg4 67. Kb5 Re4 68. Rd1 Re2 69. Bg1 Rb2+ 70. Ka4 Re2 71. Kb4 Rb2+
72. Kc3 Re2 73. Rd2 Re4 74. Bh2+ Kc6 75. Bg1 Kd6 76. Bh2+ Kc6 77. Bc7 Rc4+ 78.
Kb3 Re4 79. Kb2 Rb4+ 80. Kc1 Re4 81. Rc2+ Kd7 82. Kd2 Rd4+ 83. Ke3 Rb4 84. Rd2
Kc6 85. Rd4 Rb3+ 86. Kf4 Rb2 87. Ke5 Re2+ 88. Kf6 Kc5 89. Rd1 Rf2+ 90. Ke7 d4
91. Kd7 Rf7+ 92. Kc8 Kc6 93. Rc1+ Kb5 94. Kxb7 d3 95. Rd1 Rd7 96. Kc8 {Weirdo1
gibt auf}  1-0

[Event "1. OEsterreichische Internet Schach Meisterschaft - Vorrunde 1"]
[Site "Online - Playchess.com"]
[Date ""]
[Round "2"]
[Board "58"]
[White "Hofer, Maximilian"]
[Black "Huber, Guenther"]
[Result "0-1"]
[WhiteElo "2108"]
[BlackElo "1979"]
[PlyCount "66"]
[EventDate "2020.04.11"]
[EventRounds "9"]
[EventCountry "AUT"]

1. e4 b6 2. d4 Bb7 3. Nc3 e6 4. Nf3 Bb4 5. Bd3 Nf6 6. Bg5 h6 7. Bxf6 Qxf6 8.
O-O Bxc3 9. bxc3 d6 10. Qd2 Nd7 11. Rfe1 e5 12. Rab1 O-O 13. a4 a6 14. dxe5
Nxe5 15. Nxe5 Qxe5 16. f4 Qc5+ 17. Kh1 Rae8 18. Re3 Re7 19. f5 f6 20. Rg3 Kh8
21. Qf4 Rfe8 22. Qg4 Qe5 23. Re1 Qxc3 24. Rf1 Qe5 25. Qg6 d5 26. Rh3 dxe4 27.
Bc4 Bd5 28. Bxa6 e3 29. Be2 Bg8 30. Bb5 Rf8 31. Re1 Bh7 32. Qg4 Qc3 33. Bd3
Qxe1+ {Malphax gibt auf}  0-1

[Event "1. OEsterreichische Internet Schach Meisterschaft - Vorrunde 1"]
[Site "Online - Playchess.com"]
[Date ""]
[Round "2"]
[Board "59"]
[White "Vojic, Isak"]
[Black "Balint, Peter"]
[Result "0-1"]
[WhiteElo "1586"]
[BlackElo "2105"]
[PlyCount "142"]
[EventDate "2020.04.11"]
[EventRounds "9"]
[EventCountry "AUT"]

1. e4 e5 2. Nf3 Nc6 3. Bc4 Nf6 4. d3 Bc5 5. O-O O-O 6. c3 d5 7. exd5 Nxd5 8.
Re1 Re8 9. Bb5 f6 10. d4 exd4 11. Rxe8+ Qxe8 12. Nxd4 Bxd4 13. cxd4 Bd7 14. Nc3
Nxc3 15. bxc3 a6 16. Bc4+ Kh8 17. Be3 Rd8 18. Qc2 Be6 19. Bd3 h6 20. Rd1 Ne7
21. Be4 Nd5 22. Bd2 Qh5 23. Bf3 Qf7 24. c4 Ne7 25. d5 Bf5 26. Qb3 b6 27. Be3
Ng6 28. g3 Ne5 29. Bg2 Bg4 30. Rd3 Qh5 31. Rc3 Bh3 32. Bf4 Bxg2 33. Kxg2 Ng4
34. h3 Nxf2 35. Kxf2 Qxh3 36. Kf3 Qh5+ 37. Kg2 Re8 38. Re3 Rxe3 39. Qxe3 Qg6
40. Qf3 Qc2+ 41. Qf2 Qxc4 42. Kh2 Qxd5 43. Bxc7 Qh5+ 44. Kg2 Qd5+ 45. Kg1 b5
46. Bf4 Kh7 47. Qc2+ Kg8 48. Qc8+ Kh7 49. Qc2+ Kg8 50. Qd2 Qc5+ 51. Be3 Qe5 52.
Kh2 Qh5+ 53. Kg1 Qe5 54. Bf4 Qa1+ 55. Kf2 Qh1 56. Qd8+ Kh7 57. Qd3+ Kg8 58.
Qb3+ Kh7 59. Qf3 Qa1 60. Qd3+ Kg8 61. Qe2 Qd4+ 62. Be3 Qd6 63. Qd2 Qc6 64. Qd8+
Kh7 65. Qb6 Qc8 66. Qc5 Qd8 67. Qd4 Qc8 68. Qe4+ Kh8 69. Qe6 Qxe6 70. a3 Qa2+
71. Kf3 Qxa3 {Isi10 gibt auf}  0-1

[Event "1. OEsterreichische Internet Schach Meisterschaft - Vorrunde 1"]
[Site "Online - Playchess.com"]
[Date ""]
[Round "2"]
[Board "60"]
[White "Kaltenbeck, Dieter"]
[Black "Mira, Helene"]
[Result "0-1"]
[WhiteElo "1314"]
[BlackElo "2082"]
[PlyCount "36"]
[EventDate "2020.04.11"]
[EventRounds "9"]
[EventCountry "AUT"]

1. a3 d5 2. Nf3 Bg4 3. e3 e5 4. Be2 e4 5. Nd4 Bxe2 6. Qxe2 Qd7 7. O-O f5 8. b4
Nf6 9. Bb2 Bd6 10. Nc3 c6 11. d3 O-O 12. f4 exd3 13. cxd3 Re8 14. Rf3 a5 15.
bxa5 Rxa5 16. Rh3 c5 17. Nf3 Bxf4 18. exf4 Rxe2 {Dk2020 gibt auf}  0-1

[Event "1. OEsterreichische Internet Schach Meisterschaft - Vorrunde 1"]
[Site "Online - Playchess.com"]
[Date ""]
[Round "2"]
[Board "61"]
[White "Ussar, Reinhard"]
[Black "Guetz, Wolfgang"]
[Result "0-1"]
[WhiteElo "1676"]
[BlackElo "2078"]
[PlyCount "116"]
[EventDate "2020.04.11"]
[EventRounds "9"]
[EventCountry "AUT"]

1. e4 c5 2. c3 d5 3. exd5 Qxd5 4. d4 Nf6 5. Nf3 Nc6 6. Be2 Bg4 7. dxc5 Qxd1+ 8.
Bxd1 a5 9. O-O e6 10. Nd4 Bxd1 11. Rxd1 O-O-O 12. Bg5 Be7 13. Na3 h6 14. Nxc6
bxc6 15. Bxf6 Bxf6 16. Nc4 Rd5 17. Nb6+ Kc7 18. Nxd5+ exd5 19. b4 axb4 20. cxb4
Bxa1 21. Rxa1 Rb8 22. Rb1 Kb7 23. Kf1 Ka6 24. Ke2 Kb5 25. Kd3 Ka4 26. Kc3 Re8
27. Kd2 Re4 28. b5 cxb5 29. c6 Re8 30. c7 Rc8 31. Rc1 Ka5 32. Ke3 Kb6 33. Kd4
Rxc7 34. Rxc7 Kxc7 35. Kxd5 Kb6 36. a3 Ka5 37. Kc5 Ka4 38. g4 Kxa3 39. Kxb5 Kb3
40. Kc5 Kc3 41. f4 Kd3 42. Kd5 Ke3 43. Ke5 Kf3 44. g5 hxg5 45. fxg5 Kg4 46. h4
Kxh4 47. Kf5 Kh5 48. Kf4 g6 49. Kf3 Kxg5 50. Kg3 f5 51. Kf3 Kf6 52. Kf4 g5+ 53.
Kg3 Ke5 54. Kf3 f4 55. Kg4 Ke4 56. Kxg5 f3 57. Kg6 f2 58. Kg7 f1=Q  0-1

[Event "1. OEsterreichische Internet Schach Meisterschaft - Vorrunde 1"]
[Site "Online - Playchess.com"]
[Date ""]
[Round "2"]
[Board "62"]
[White "Griessnig, Thomas"]
[Black "Teuschler, Hugo"]
[Result "0-1"]
[WhiteElo "1895"]
[BlackElo "2055"]
[PlyCount "114"]
[EventDate "2020.04.11"]
[EventRounds "9"]
[EventCountry "AUT"]

1. d4 Nf6 2. Nf3 c5 3. g3 b6 4. Bg2 Bb7 5. O-O e6 6. b3 Nc6 7. dxc5 Bxc5 8. Bb2
O-O 9. Nbd2 d5 10. c4 d4 11. Qc2 Nb4 12. Qb1 Re8 13. a3 Nc6 14. b4 Bf8 15. Ne4
Nxe4 16. Qxe4 e5 17. Rfd1 Qe7 18. Qc2 g6 19. Ne1 Bg7 20. Qb3 Rab8 21. e3 dxe3
22. Qxe3 Rbd8 23. Bd5 Rd7 24. Nd3 Nd8 25. Bxb7 Nxb7 26. c5 e4 27. c6 Rxd3 28.
Rxd3 exd3 29. Qxe7 Rxe7 30. cxb7 Rxb7 31. Bxg7 Kxg7 32. Rd1 Rd7 33. f4 d2 34.
Kf2 Rd3 35. Ke2 Rxa3 36. Rxd2 Rb3 37. Rd4 a5 38. bxa5 bxa5 39. Ra4 Rb5 40. Kf3
f5 41. h3 Kf6 42. g4 Ke6 43. Ra3 Kd6 44. gxf5 Rxf5 45. Kg4 Kc6 46. Re3 a4 47.
h4 Ra5 48. Re6+ Kb5 49. Re5+ Kb4 50. Re7 a3 51. Rxh7 a2 52. Rb7+ Kc3 53. Rc7+
Kb2 54. Rb7+ Kc2 55. Rc7+ Kd2 56. Rd7+ Ke2 57. Re7+ Kf2  0-1

[Event "1. OEsterreichische Internet Schach Meisterschaft - Vorrunde 1"]
[Site "Online - Playchess.com"]
[Date ""]
[Round "2"]
[Board "63"]
[White "Rotter, Harald"]
[Black "Stolzlechner, Thomas"]
[Result "1/2-1/2"]
[WhiteElo "1854"]
[BlackElo "2037"]
[PlyCount "128"]
[EventDate "2020.04.11"]
[EventRounds "9"]
[EventCountry "AUT"]

1. e4 e5 2. Nf3 Nc6 3. Bc4 Nf6 4. d3 Be7 5. c3 O-O 6. b4 a6 7. a4 d6 8. h3 Nb8
9. O-O Nbd7 10. Re1 c6 11. d4 d5 12. exd5 cxd5 13. Bb3 e4 14. Nh2 Qc7 15. f3
Nb6 16. fxe4 Nxe4 17. Bb2 Be6 18. Qd3 Rac8 19. Nd2 Nxd2 20. Qxd2 Nc4 21. Bxc4
Qxc4 22. Qe2 Qxe2 23. Rxe2 Rc6 24. Nf3 Bf6 25. Nd2 Rfc8 26. Nb3 b6 27. a5 b5
28. Nc5 Be7 29. Bc1 Bxc5 30. dxc5 h6 31. Be3 Bf5 32. Bd4 Be4 33. Rf2 Rg6 34.
Re1 Re8 35. Re3 Ree6 36. g3 h5 37. Kh2 f6 38. h4 Rg4 39. Re1 Kf7 40. Ref1 Bd3
41. Rg1 Re2 42. Rxe2 Bxe2 43. Rg2 Re4 44. Rf2 Bg4 45. Kg1 Re1+ 46. Kh2 Re2 47.
Kg1 Rxf2 48. Kxf2 Ke6 49. Ke3 Kf7 50. Kf4 Bd7 51. Ke3 g6 52. Kf4 Ke6 53. g4
hxg4 54. Kxg4 Kf7+ 55. Kf4 Ke6 56. Kg3 Kf5 57. Kh3 Kf4+ 58. Kh2 Kf5 59. Kg3 Ke6
60. Kf4 Kf7 61. Kg3 Bc6 62. Kf4 Bd7 63. Kg3 Bc6 64. Kf4 Bd7  1/2-1/2

[Event "1. OEsterreichische Internet Schach Meisterschaft - Vorrunde 1"]
[Site "Online - Playchess.com"]
[Date ""]
[Round "2"]
[Board "64"]
[White "Kucharski, Michael"]
[Black "Kondrak, Christoph"]
[Result "1-0"]
[WhiteElo "1927"]
[BlackElo "2033"]
[PlyCount "119"]
[EventDate "2020.04.11"]
[EventRounds "9"]
[EventCountry "AUT"]

1. d4 d5 2. Nf3 e6 3. e3 Nf6 4. Bd3 Be7 5. Nbd2 a6 6. O-O b5 7. c3 Bb7 8. Qe2
O-O 9. e4 c5 10. e5 Nfd7 11. Re1 c4 12. Bb1 Nc6 13. Nf1 b4 14. Bd2 a5 15. Ng3
a4 16. Qd1 a3 17. bxa3 bxc3 18. Bxc3 Rxa3 19. Qc2 g6 20. Bb2 Nb4 21. Qc1 Ra7
22. a3 Qa8 23. Bxg6 hxg6 24. axb4 Bxb4 25. Rxa7 Qxa7 26. Bc3 Ba3 27. Qh6 Ra8
28. h4 Bf8 29. Qd2 Bg7 30. h5 Nf8 31. Bb4 Qa2 32. Qf4 Qc2 33. Bxf8 Bxf8 34.
hxg6 Qxg6 35. Qg5 Qxg5 36. Nxg5 Bh6 37. Nf3 Rc8 38. Nf1 c3 39. Ne3 Ba6 40. Rc1
Bd3 41. Ne1 Be4 42. Kf1 Rc4 43. Ke2 Rxd4 44. Rxc3 Bxe3 45. Rxe3 Kg7 46. f3 Bg6
47. g3 Ra4 48. Kf2 d4 49. Re2 Kh6 50. Rd2 Kg5 51. Ke2 Kf5 52. f4 Ke4 53. Nd3
Rc4 54. Nf2+ Kd5 55. Nd1 Rc2 56. Ne3+ Kc5 57. Nxc2 d3+ 58. Rxd3 Bxd3+ 59. Kxd3
Kd5 60. Ke3 {Zeit}  1-0

[Event "1. OEsterreichische Internet Schach Meisterschaft - Vorrunde 1"]
[Site "Online - Playchess.com"]
[Date ""]
[Round "2"]
[Board "65"]
[White "Haselsberger, Armin"]
[Black "Waldner, Alois"]
[Result "0-1"]
[WhiteElo "1395"]
[BlackElo "2018"]
[PlyCount "58"]
[EventDate "2020.04.11"]
[EventRounds "9"]
[EventCountry "AUT"]

1. d4 Nf6 2. Bf4 c5 3. c3 e6 4. e3 d5 5. Nd2 Nc6 6. Ngf3 Bd6 7. Bg3 O-O 8. Rc1
c4 9. b3 b5 10. a4 a6 11. Ra1 Bb7 12. b4 Ne7 13. Be2 Ng6 14. Bxd6 Qxd6 15. a5
Ne4 16. Nxe4 dxe4 17. Nd2 Rad8 18. Bh5 e5 19. Bxg6 Qxg6 20. Rg1 exd4 21. cxd4
f5 22. g3 Bd5 23. Rc1 Rf6 24. h3 Re8 25. g4 f4 26. h4 fxe3 27. fxe3 Qh6 28. h5
Qxe3+ 29. Qe2 Qxg1+ {Schaf fan gibt auf}  0-1

[Event "1. OEsterreichische Internet Schach Meisterschaft - Vorrunde 1"]
[Site "Online - Playchess.com"]
[Date ""]
[Round "2"]
[Board "66"]
[White "Kainz, Josef"]
[Black "Schroettner, Tobias Julian"]
[Result "1-0"]
[WhiteElo "2005"]
[BlackElo "1503"]
[PlyCount "83"]
[EventDate "2020.04.11"]
[EventRounds "9"]
[EventCountry "AUT"]

1. d4 Nf6 2. c4 g6 3. g3 Bg7 4. Bg2 d6 5. Nf3 O-O 6. O-O Nc6 7. d5 Nb8 8. Nc3
e5 9. e4 b6 10. a4 Nbd7 11. a5 Ba6 12. b3 Nc5 13. Re1 Nfxe4 14. Nxe4 Nxe4 15.
Rxe4 f5 16. Re1 e4 17. Nd4 Bb7 18. a6 Bc8 19. Ra2 Bd7 20. f3 Qf6 21. Ne6 Bxe6
22. dxe6 exf3 23. Bxf3 Rae8 24. Bb2 Qe7 25. Bc6 Rd8 26. Bxg7 Kxg7 27. Qd4+ Kg8
28. b4 Rf6 29. Rae2 g5 30. Kg2 f4 31. Rf2 Rdf8 32. Ref1 h6 33. Bd5 h5 34. gxf4
gxf4 35. Rxf4 Qg7+ 36. Kh1 Rxf4 37. Rxf4 Rxf4 38. Qxf4 Qa1+ 39. Kg2 Qb2+ 40.
Kh3 Qc3+ 41. Qg3+ Qxg3+ 42. Kxg3  1-0

[Event "1. OEsterreichische Internet Schach Meisterschaft - Vorrunde 1"]
[Site "Online - Playchess.com"]
[Date ""]
[Round "2"]
[Board "67"]
[White "Schwabeneder, Alois"]
[Black "Keim, Philipp"]
[Result "1-0"]
[WhiteElo "2004"]
[BlackElo "1919"]
[PlyCount "57"]
[EventDate "2020.04.11"]
[EventRounds "9"]
[EventCountry "AUT"]

1. e4 c6 2. d4 d5 3. Nc3 dxe4 4. Nxe4 Bf5 5. Ng3 Bg6 6. h4 h6 7. Nf3 Nd7 8. Bd3
Bxd3 9. Qxd3 Ngf6 10. Bd2 e6 11. O-O-O Bd6 12. Rhe1 O-O 13. Ne5 Bxe5 14. dxe5
Nd5 15. Qe4 Nc5 16. Qg4 Kh7 17. Kb1 Qb6 18. Ne4 a5 19. Nd6 Na4 20. Qxa4 c5 21.
Qg4 a4 22. Qe4+ g6 23. h5 a3 24. b3 c4 25. Nxf7 Rg8 26. Nxh6 cxb3 27. cxb3 Qxf2
28. Ng4 Nc3+ 29. Bxc3 {Zeit}  1-0

[Event "1. OEsterreichische Internet Schach Meisterschaft - Vorrunde 1"]
[Site "Online - Playchess.com"]
[Date ""]
[Round "2"]
[Board "68"]
[White "Maister, Dieter"]
[Black "Kubik, Gerhard"]
[Result "1-0"]
[WhiteElo "1851"]
[BlackElo "1985"]
[PlyCount "79"]
[EventDate "2020.04.11"]
[EventRounds "9"]
[EventCountry "AUT"]

1. e3 e5 2. Nf3 d5 3. d4 e4 4. Nfd2 Nc6 5. c4 Nf6 6. cxd5 Qxd5 7. Nc3 Qa5 8. a3
Be7 9. Qc2 Bf5 10. Bb5 O-O 11. O-O Rad8 12. Bxc6 bxc6 13. Ncxe4 Nxe4 14. Nxe4
Rfe8 15. Qxc6 Bxe4 16. Qxe4 Bd6 17. Qg4 h5 18. Qf3 Re6 19. Rd1 Rf6 20. Qe4 Qa4
21. Bd2 Re8 22. Qd5 Qc2 23. Qb5 Qe4 24. f3 Qe6 25. e4 Rg6 26. Bb4 Bxb4 27. axb4
Rd8 28. Rxa7 h4 29. Rxc7 Qf6 30. Qf5 Rxd4 31. Rcc1 Rxd1+ 32. Rxd1 Qb6+ 33. Qc5
Qf6 34. h3 Qxb2 35. Qf2 Qxb4 36. Kh2 Qb8+ 37. Kh1 Qf4 38. Rd8+ Kh7 39. Rd5 Qc1+
40. Kh2 {Zeit}  1-0

[Event "1. OEsterreichische Internet Schach Meisterschaft - Vorrunde 1"]
[Site "Online - Playchess.com"]
[Date ""]
[Round "2"]
[Board "69"]
[White "Gschiel, Alexander"]
[Black "Katter, Marlene"]
[Result "1-0"]
[WhiteElo "1908"]
[BlackElo "1609"]
[PlyCount "151"]
[EventDate "2020.04.11"]
[EventRounds "9"]
[EventCountry "AUT"]

1. d4 e6 2. c4 f5 3. g3 Nf6 4. Bg2 d5 5. cxd5 exd5 6. Nf3 c6 7. O-O Bd6 8. Nc3
O-O 9. Bg5 h6 10. Bf4 Bxf4 11. gxf4 Nbd7 12. Ne5 Ne4 13. f3 Nd6 14. e3 Nxe5 15.
fxe5 Nc4 16. Qe2 Qg5 17. f4 Qg6 18. Nxd5 cxd5 19. Kh1 Nb6 20. Rac1 Be6 21. Rc7
Rab8 22. Rfc1 Rfc8 23. Rxc8+ Rxc8 24. Rxc8+ Bxc8 25. Qb5 Qc6 26. Qe2 Qc1+ 27.
Bf1 Be6 28. Kg2 Qc7 29. Kf2 Nc4 30. b3 Nb6 31. Qd3 a6 32. Be2 Bd7 33. Bf3 Bb5
34. Qxf5 Qf7 35. Qc2 g5 36. f5 h5 37. Qc5 Nd7 38. Qc8+ Qf8 39. Bxd5+ Kh8 40.
Qxf8+ Nxf8 41. e6 Kg7 42. e7 Nh7 43. Bxb7 Kf7 44. a4 Bd3 45. e4 Kxe7 46. Ke3
Bc2 47. Bd5 a5 48. Kd2 Bb1 49. Ke3 Bc2 50. Be6 Nf6 51. e5 Ne8 52. d5 Nc7 53.
d6+ Kd8 54. dxc7+ Kxc7 55. f6 Kd8 56. Bf7 Bf5 57. e6 Kc7 58. e7 Bd7 59. Bxh5
Kd6 60. e8=Q Bxe8 61. Bxe8 Ke6 62. f7 Ke7 63. Kf3 Kf8 64. Kg4 Kg7 65. Kxg5 Kf8
66. h4 Kg7 67. h5 Kf8 68. h6 Ke7 69. h7 Kf8 70. h8=Q+ Ke7 71. Kg6 Ke6 72. Qf6+
Kd5 73. Bc6+ Kc5 74. Qe6 Kb4 75. Qc4+ Ka3 76. b4 {Chachacha7 gibt auf}  1-0

[Event "1. OEsterreichische Internet Schach Meisterschaft - Vorrunde 1"]
[Site "Online - Playchess.com"]
[Date ""]
[Round "2"]
[Board "73"]
[White "Guba, Viktor"]
[Black "Steirer, Gerhard"]
[Result "1-0"]
[WhiteElo "1401"]
[BlackElo "1854"]
[PlyCount "169"]
[EventDate "2020.04.11"]
[EventRounds "9"]
[EventCountry "AUT"]

1. e4 c5 2. Nf3 a6 3. d4 cxd4 4. Nxd4 Nf6 5. Nc3 e5 6. Nb3 Bb4 7. f3 d6 8. Bd2
Be6 9. Bd3 Nbd7 10. O-O O-O 11. Ne2 Bxd2 12. Qxd2 Rc8 13. Rac1 Ne8 14. c4 f5
15. exf5 Bxf5 16. Bxf5 Rxf5 17. Ng3 Rf6 18. Qd5+ Kh8 19. Qxb7 Nc5 20. Nxc5 dxc5
21. Qd5 Qe7 22. Rfe1 Re6 23. Nf5 Qf6 24. Ng3 Rd8 25. Qxc5 Rd2 26. Ne4 Rc6 27.
Nxf6 Rxc5 28. Nxe8 Rd8 29. Nxg7 Kxg7 30. Kf2 Rd2+ 31. Re2 Rd4 32. Rec2 a5 33.
a3 a4 34. Kg3 Kf6 35. Kf2 Kf5 36. Ke3 Rh4 37. g3 Rd4 38. Rc3 h5 39. Rd3 Rdxc4
40. Rxc4 Rxc4 41. Rc3 Rd4 42. b3 axb3 43. Rxb3 Ra4 44. Kd2 h4 45. Ke3 h3 46.
g4+ Kg5 47. Kf2 Kh4 48. Ke3 Kg5 49. Kf2 Kh4 50. Re3 Ra5 51. Ke2 Rb5 52. Kf2
Rb2+ 53. Re2 Rb5 54. Ra2 e4 55. fxe4 Kxg4 56. a4 Ra5 57. e5 Rxe5 58. a5 Rf5+
59. Kg1 Rf7 60. a6 Ra7 61. Ra4+ Kf3 62. Ra3+ Kg4 63. Kf2 Rf7+ 64. Ke2 Re7+ 65.
Kd2 Ra7 66. Ke2 Re7+ 67. Re3 Ra7 68. Re6 Kf4 69. Kf2 Kg4 70. Re4+ Kg5 71. Ra4
Rf7+ 72. Kg3 Ra7 73. Kxh3 Kf5 74. Kg3 Ke5 75. h4 Kd5 76. Kg4 Ke6 77. Kg5 Kf7
78. h5 Kg7 79. h6+ Kh7 80. Kh5 Ra8 81. a7 Kh8 82. Kg6 Kg8 83. h7+ Kh8 84. Rb4
Rf8 85. Rb8 {Skandi gibt auf}  1-0

[Event "1. OEsterreichische Internet Schach Meisterschaft - Vorrunde 1"]
[Site "Online - Playchess.com"]
[Date ""]
[Round "2"]
[Board "74"]
[White "Flir, Emilio"]
[Black "Lammer, Michael"]
[Result "1-0"]
[WhiteElo "1843"]
[BlackElo "1499"]
[PlyCount "81"]
[EventDate "2020.04.11"]
[EventRounds "9"]
[EventCountry "AUT"]

1. d4 d5 2. c4 e6 3. Nc3 Nf6 4. cxd5 Nxd5 5. e4 Nxc3 6. bxc3 Be7 7. Nf3 O-O 8.
Bd3 a6 9. O-O Nc6 10. Be3 Bd7 11. Re1 f5 12. exf5 exf5 13. Qb3+ Kh8 14. Bf4 Na5
15. Qc2 g6 16. Be5+ Kg8 17. a4 Nc6 18. Bc4+ Rf7 19. Bxf7+ Kxf7 20. Qb3+ Be6 21.
Qc2 Bd5 22. Nd2 Nxe5 23. Rxe5 Bf6 24. Re2 Qd7 25. Rae1 Qc6 26. f3 Rd8 27. Kh1
h5 28. c4 Bxd4 29. Re7+ Kf6 30. Qd3 Bc5 31. R7e5 Bf7 32. Qxd8+ Kg7 33. Qd3 h4
34. Qc3 Kh7 35. Re7 Kg8 36. Rxf7 Kxf7 37. Qe5 Bf2 38. Qe7+ Kg8 39. Re6 Qxa4 40.
Rxg6+ Kh8 41. Qg7#  1-0

[Event "1. OEsterreichische Internet Schach Meisterschaft - Vorrunde 1"]
[Site "Online - Playchess.com"]
[Date ""]
[Round "2"]
[Board "75"]
[White "Kanzian, Heinz"]
[Black "Moerwald, Magdalena"]
[Result "0-1"]
[WhiteElo "1642"]
[BlackElo "1791"]
[PlyCount "78"]
[EventDate "2020.04.11"]
[EventRounds "9"]
[EventCountry "AUT"]

1. e4 c6 2. Nf3 d5 3. exd5 cxd5 4. d4 Nc6 5. c3 Nf6 6. Be2 Bf5 7. Nbd2 e6 8.
Nb3 Bd6 9. O-O O-O 10. h3 h6 11. Nh4 Bh7 12. Bd3 Rc8 13. Bxh7+ Nxh7 14. f4 Qxh4
15. Be3 Ne7 16. Nc5 Bxc5 17. dxc5 Nf5 18. Bd2 Qe7 19. b4 a5 20. a3 axb4 21.
axb4 Nf6 22. g4 Nh4 23. g5 hxg5 24. fxg5 Ne4 25. Be3 Nxg5 26. Qg4 Ne4 27. Rf4
Ng6 28. Rf3 Ne5 29. Qg2 Nxf3+ 30. Qxf3 Ng5 31. Qg4 Nh7 32. Rf1 e5 33. Rf2 Qe6
34. Qg3 Qg6 35. Rg2 Qxg3 36. Rxg3 Nf6 37. Bh6 g6 38. Bxf8 Rxf8 39. Kf2 Ne4+ {
HeinzK gibt auf}  0-1

[Event "1. OEsterreichische Internet Schach Meisterschaft - Vorrunde 1"]
[Site "Online - Playchess.com"]
[Date ""]
[Round "2"]
[Board "76"]
[White "Thummer, Philipp"]
[Black "Galler, Alexander"]
[Result "0-1"]
[WhiteElo "1207"]
[BlackElo "1772"]
[PlyCount "94"]
[EventDate "2020.04.11"]
[EventRounds "9"]
[EventCountry "AUT"]

1. e4 c5 2. g3 d6 3. Bg2 Nc6 4. Ne2 e6 5. O-O Be7 6. f4 Nf6 7. d3 O-O 8. h3 Ne8
9. b3 Bd7 10. Bb2 Bf6 11. Bxf6 Nxf6 12. c3 e5 13. f5 Bc8 14. Kh2 d5 15. Qc2 d4
16. a3 b6 17. Ng1 Bb7 18. Nf3 Rc8 19. c4 h6 20. Nbd2 Nh7 21. Rf2 Kh8 22. Nf1 f6
23. g4 Rg8 24. Ng3 Qe8 25. Qd2 Na5 26. Rb1 Nc6 27. Nh4 Ng5 28. Nf3 Nxf3+ 29.
Rxf3 Ne7 30. Rf2 Kh7 31. Nh5 a6 32. Rg1 b5 33. h4 Bc6 34. g5 hxg5 35. Bf3 gxh4
36. Rg4 Qf7 37. Rxh4 g6 38. Nxf6+ Kg7 39. Rh7+ Kxf6 40. Rxf7+ Kxf7 41. fxg6+
Nxg6 42. Bh5+ Ke6 43. Qg5 Nf4 44. Qf6+ Kxf6 45. Be2 Rh8+ 46. Kg1 Rcg8+ 47. Kf1
Rh1#  0-1

[Event "1. OEsterreichische Internet Schach Meisterschaft - Vorrunde 1"]
[Site "Online - Playchess.com"]
[Date ""]
[Round "2"]
[Board "77"]
[White "Haemmerle, Dietmar"]
[Black "Moerwald, Miriam"]
[Result "0-1"]
[WhiteElo "1762"]
[BlackElo "1760"]
[PlyCount "144"]
[EventDate "2020.04.11"]
[EventRounds "9"]
[EventCountry "AUT"]

1. Nf3 d5 2. c4 e6 3. Nc3 Nf6 4. d4 c6 5. e3 Nbd7 6. c5 Be7 7. Be2 O-O 8. O-O
b6 9. b4 a5 10. bxa5 Rxa5 11. cxb6 Qxb6 12. Bd2 Ra3 13. Rb1 Qc7 14. h3 Ba6 15.
Qc1 Rxc3 16. Bxc3 Bxe2 17. Re1 Bc4 18. a4 Ra8 19. Ra1 Ra7 20. Qd2 Ne4 21. Qb2
Nb6 22. a5 Nd7 23. Bb4 Bxb4 24. Qxb4 c5 25. dxc5 Ndxc5 26. Nd4 Rb7 27. Qa3 e5
28. Nf5 Rb3 29. Qc1 Nd3 30. Qd1 Nxe1 31. Qxe1 g6 32. Nh6+ Kg7 33. Ng4 f5 34. f3
Nc5 35. Nf2 Nd3 36. Nxd3 Rxd3 37. Rc1 Qa7 38. Qb4 Qxe3+ 39. Kh1 Qxc1+ 40. Kh2
Qf4+ 41. Kg1 Rd1+ 42. Kf2 Qd2+ 43. Qxd2 Rxd2+ 44. Kg3 Ra2 45. a6 f4+ 46. Kg4
Rxa6 47. h4 h5+ 48. Kg5 Ra2 49. g4 hxg4 50. fxg4 Rg2 51. h5 Rxg4+ 52. Kxg4 e4
53. Kxf4 Bd3 54. hxg6 Kxg6 55. Ke3 Kf5 56. Kf2 d4 57. Ke1 Kf4 58. Kd2 e3+ 59.
Ke1 Kf3 60. Kd1 Bf5 61. Ke1 d3 62. Kd1 e2+ 63. Ke1 Bh3 64. Kd2 Kf2 65. Kxd3
e1=Q 66. Kc2 Qe2+ 67. Kb1 Bf5+ 68. Ka1 Qe5+ 69. Ka2 Ke2 70. Ka3 Kd3 71. Ka4 Qb8
72. Ka3 Kc3 {Didihamson gibt auf}  0-1

[Event "1. OEsterreichische Internet Schach Meisterschaft - Vorrunde 1"]
[Site "Online - Playchess.com"]
[Date ""]
[Round "2"]
[Board "78"]
[White "Ploeckinger, Paul"]
[Black "Ticar, Clemens"]
[Result "1-0"]
[WhiteElo "1334"]
[BlackElo "1753"]
[PlyCount "105"]
[EventDate "2020.04.11"]
[EventRounds "9"]
[EventCountry "AUT"]

1. c4 d6 2. Nc3 Nf6 3. d4 g6 4. e3 Bg7 5. Nf3 O-O 6. Qc2 c6 7. Be2 Bf5 8. e4
Bg4 9. h3 Bxf3 10. Bxf3 e5 11. d5 cxd5 12. cxd5 Nbd7 13. O-O Rc8 14. Qb3 Qb6
15. Be3 Qxb3 16. axb3 a6 17. Rfc1 Nc5 18. Bxc5 Rxc5 19. Na4 Rcc8 20. Nb6 Rxc1+
21. Rxc1 Nd7 22. Nxd7 Rd8 23. Nb6 f5 24. exf5 g5 25. Rc8 Rxc8 26. Nxc8 Kf7 27.
Nxd6+ Ke7 28. Nxb7 e4 29. Bxe4 Bxb2 30. f3 h5 31. Kf1 Kf6 32. Ke2 Ke5 33. Nd8
Kd4 34. Ne6+ Ke5 35. Nxg5 Kf4 36. Ne6+ Ke5 37. Nc5 Bd4 38. Nxa6 h4 39. b4 Bb6
40. b5 Kd6 41. Kd3 Ke5 42. Kc4 Kf6 43. d6 Ke5 44. d7 Kd6 45. Bc6 Ke7 46. Kd5
Kd8 47. Nb4 Bf2 48. f6 Bb6 49. f7 Ke7 50. f8=Q+ Kxf8 51. Kd6 Kf7 52. Nd5 Kf8
53. Nxb6 {Racit gibt auf}  1-0